<?xml version="1.0" encoding="UTF-8"?><?xml-stylesheet type="text/xsl" href="static/style.xsl"?><OAI-PMH xmlns="http://www.openarchives.org/OAI/2.0/" xmlns:xsi="http://www.w3.org/2001/XMLSchema-instance" xsi:schemaLocation="http://www.openarchives.org/OAI/2.0/ http://www.openarchives.org/OAI/2.0/OAI-PMH.xsd"><responseDate>2026-04-27T19:55:54Z</responseDate><request verb="GetRecord" identifier="oai:uvadoc.uva.es:10324/3877" metadataPrefix="marc">https://uvadoc.uva.es/oai/request</request><GetRecord><record><header><identifier>oai:uvadoc.uva.es:10324/3877</identifier><datestamp>2025-02-21T11:08:22Z</datestamp><setSpec>com_10324_38</setSpec><setSpec>col_10324_787</setSpec></header><metadata><record xmlns="http://www.loc.gov/MARC21/slim" xmlns:doc="http://www.lyncode.com/xoai" xmlns:xsi="http://www.w3.org/2001/XMLSchema-instance" xmlns:dcterms="http://purl.org/dc/terms/" xsi:schemaLocation="http://www.loc.gov/MARC21/slim http://www.loc.gov/standards/marcxml/schema/MARC21slim.xsd">
<leader>00925njm 22002777a 4500</leader>
<datafield tag="042" ind1=" " ind2=" ">
<subfield code="a">dc</subfield>
</datafield>
<datafield tag="720" ind1=" " ind2=" ">
<subfield code="a">Muñoz Adalia, Emigdio Jordan</subfield>
<subfield code="e">author</subfield>
</datafield>
<datafield tag="260" ind1=" " ind2=" ">
<subfield code="c">2013</subfield>
</datafield>
<datafield tag="520" ind1=" " ind2=" ">
<subfield code="a">Acrocephalus paludicola, es uno de los paseriformes migratorios más amenazados (Vulnerable) a&#xd;
escala global. Se llevaron a cabo campañas de anillamiento en La Nava en el periodo 2000-2008 en las&#xd;
que se capturaron 683 ejemplares. Se obtuvo el índice “Acrola” que apuntó una elevada importancia&#xd;
del enclave en la ruta migratoria. El número de capturas varió con la quincena y descendió a mayores&#xd;
niveles de sequía. La tasa media de engorde diario calculada fue negativa, se detectó un retraso&#xd;
progresivo de la llegada a lo largo de los años y una migración adelantada en los adultos. El tiempo de&#xd;
parada mínimo fue similar al obtenido mediante un modelo CJS, que fue constante. En consecuencia,&#xd;
se observa una fenología similar a la documentada en la ruta más atlántica, así como un estado&#xd;
subóptimo del humedal intensificado por la gestión hidrológica y un posible efecto del Calentamiento&#xd;
Global en la migración postnupcial.</subfield>
</datafield>
<datafield tag="024" ind2=" " ind1="8">
<subfield code="a">http://uvadoc.uva.es/handle/10324/3877</subfield>
</datafield>
<datafield ind1=" " ind2=" " tag="653">
<subfield code="a">Aves-Migración</subfield>
</datafield>
<datafield ind1=" " ind2=" " tag="653">
<subfield code="a">Aves-Poblaciones</subfield>
</datafield>
<datafield tag="245" ind1="0" ind2="0">
<subfield code="a">Fenología migratoria y tiempo de parada del carricerín cejudo (Acrocephalus paludicola Vieillot) en la laguna de La Nava (Palencia)</subfield>
</datafield>
</record></metadata></record></GetRecord></OAI-PMH>